000 00983nam a2200265 i 4500
001 000002297
003 DO-SdBNP
005 20240930094655.0
007 ta
008 090701s1996 dr c r 000 0 spa d
040 _aDO-SdBNP
_bspa
_cBNPHU
_erda
082 4 _bV422h
_222
100 1 _aVega, Bernardo,
_d1938 -
_eautor
_4aut.
_93222
245 1 3 _aLa herencia indígena en la cultura dominicana de hoy /
_cBernardo Vega.
250 _atercera edición
264 _aSanto Domingo :
_bEditora Amigo del Hogar,
_c1996.
300 _a53 páginas :
_bretratos ;
_c23 cm.
336 _atexto
_btxt
_2rdacontent
337 _asin mediación
_bn
_2rdamedia
338 _avolumen
_bnc
_2rdacarrier
500 _aSeparata de la obra "Ensayos Sobre Cultura Dominicana", ediciones Museo del Hombre Dominicano, serie Conferencias No. 10, Santo Domingo 1981
500 _aIncluye referencias bibliográficas y notas al pie de las páginas
590 _aInventariado, 2024/BT
942 _2ddc
_cLF2
999 _c2142
_d2142